Digits of e - Statistics

General Stats
  • This quiz has been taken 118 times
  • The average score is 15 of 51
Answer Stats
Answer % Correct
2.
98%
7
95%
1
89%
8
81%
2
75%
1
72%
8
70%
8
63%
2
60%
8
60%
4
51%
5
47%
9
47%
0
42%
4
42%
5
42%
2
28%
3
26%
0
25%
3
25%
5
25%
6
25%
2
23%
8
21%
4
18%
7
18%
7
16%
1
14%
3
12%
5
12%
2
11%
2
11%
6
11%
6
11%
4
9%
5
7%
7
7%
7
7%
7
7%
9
7%
0
5%
2
5%
3
5%
4
5%
5
5%
6
5%
7
5%
9
5%
9
5%
9
5%
9
5%
No matching quizzes found
Score Distribution
Percent of People with Each Score
Percentile by Number Answered
Your Score History
You have not taken this quiz